000 00458nam a2200181Ia 4500
001 16482
005 20260306170312.0
008 260306t2009||||xx |||||||||||||| ||und||
041 _aESP
082 _a348.6L
_bJ54
100 _aJimenez Coronado, Ludwin Gustavo
_eAUT
245 0 _aManual práctico laboral MYPES y tercerización
260 _c2009
300 _a314 páginas :
_c24 cm.
650 _aGEN
654 _aCDE
942 _cLIB
_dJUS
_fJUS
_2ddc
_n
999 _c16482
_d16482